Etica y política en perspectiva fenomenológica /

Obra que compila escritos de Klaus Held (1936), filósofo alemán y gran conocedor de la fenomenología de Husser y Heidegger, de la filosofía clásica y política, en los que plantea una fundamentación fenomenologica de la filosofia política y su relación con la moral. Previo a ello, aborda un acercamie...

Ful tanımlama

Kaydedildi:
Detaylı Bibliyografya
Yazar: Held, Klaus (autor)
Diğer Yazarlar: Hoyos Vásquez, Guillermo (prólogo) (prólogo)
Materyal Türü: Kitap
Dil:İspanyolca
Baskı/Yayın Bilgisi: Bogotá, Colombia : Siglo del Hombre : Universidad Católica de Colombia, 2012, c2012
Seri Bilgileri:(Biblioteca Universitaria Ciencias Sociales y Humanidades. Fenomenología)
Konular:
Etiketler: Etiketle
Etiket eklenmemiş, İlk siz ekleyin!

MARC

LEADER 00000nam^a2200000^a^4500
001 000395143
005 20250521000000.0
009 20260310121355.692
020 |a 978-958-665-207-0 
037 |a Acervo Xavier Clavigero 
041 |a ESP 
082 |a 142. 7  |b HEL 
100 |a Held, Klaus  |e (autor) 
245 1 0 |a Etica y política en perspectiva fenomenológica /  |c K. Held ; pról. de G. Hoyos Vásquez. 
264 4 |a Bogotá, Colombia :  |b Siglo del Hombre :  |b Universidad Católica de Colombia,  |c 2012, c2012 
300 |a 269 p. 
336 |a texto  |b txt  |2 rdacontenido 
337 |a sin mediación  |b n  |2 rdamedio 
338 |a volumen  |b nc  |2 rdasoporte 
440 1 |a (Biblioteca Universitaria Ciencias Sociales y Humanidades.  |p Fenomenología) 
520 |a Obra que compila escritos de Klaus Held (1936), filósofo alemán y gran conocedor de la fenomenología de Husser y Heidegger, de la filosofía clásica y política, en los que plantea una fundamentación fenomenologica de la filosofia política y su relación con la moral. Previo a ello, aborda un acercamiento a la fenomenología desde los conceptos de verdaad y tiempo; y a la realidad fenomenológica de la interculturalidad. 
521 |a Peticiones 2017 
649 |a XX 
650 |a Filósofos Alemanes 
650 |a Verdad 
650 |a Tiempo -  |x Filosofía 
650 |a Diversidad Cultural -  |x Filosofía 
650 |a Democracia 
650 |a Derechos Humanos 
650 |a Etica Política -  |x Tema Principal 
650 |a Filosofía Política -  |x Tema Principal 
650 |a Fenomenología -  |x Historia y Crítica -  |x Tema Principal 
650 |a Filosofía Griega -  |x Historia y Crítica 
650 |a Filosofía del Siglo XX -  |x Historia y Crítica 
650 |a Filosofía del Siglo XX 
650 |a Filosofía Alemana -  |x Historia y Crítica 
650 |a Filosofía Alemana 
650 |a Husserl, Edmund 
650 |a Heidegger, Martin 
700 |a Hoyos Vásquez, Guillermo  |e (prólogo) 
910 |a Fondo General 
920 |a Impresos - Libros 
930 |a Colección General 
905 |a 101 
901 |a 0500290376  |b IT1  |c ACC  |i FXC C1515  |u 20250521 
902 |a https://opac.biblio.iteso.mx/vufind/Record/000395143